000
00253nam a2200109Ia 4500
008
190902s9999||||xx |||||||||||||| ||und||
100
_a
Quinn,Daniel
245
0
_a
Ishmael
260
_a
London
_b
A Bantam /Turner Book
_c
1992
300
_a
263p.:
942
_c
BK
999
_c
2887
_d
2887